Los enemigos de la estrategia militar /
Na minha lista:
| Autor principal: | |
|---|---|
| Formato: | Texto |
| Assuntos: | |
| Tags: |
Adicionar Tag
Sem tags, seja o primeiro a adicionar uma tag!
|
MARC
| LEADER | 00000 a a2200000 04500 | ||
|---|---|---|---|
| 001 | 1597 | ||
| 003 | |||
| 040 | |||
| 100 | |a Eguizábal Mendoza, Cristina | ||
| 245 | |a Los enemigos de la estrategia militar / |c Cristina Eguizábal Mendoza | ||
| 650 | |a MILITARISMO | ||
| 650 | |a PAZ | ||
| 773 | |g número 22; páginas 37-39 | ||
| 999 | |c 23700 |d 23700 | ||
